| 000 | 00496cam a2200181ua 4500 | ||
|---|---|---|---|
| 001 | 1495 | ||
| 008 | 111125n ii |||gr||||Z||||||eng | ||
| 040 | _cMAIN | ||
| 082 | _a304.6 | ||
| 100 |
_aGoswami, Homeswami, _d1943-, |
||
| 245 | 1 |
_aPopulation trends in the brahmaputra valley _cby Homeswar Goswami |
|
| 250 | _a1st. | ||
| 260 |
_aDelhi: _bMittal Publication,985. |
||
| 300 |
_axiv;206p: _c23cm. |
||
| 653 | _aSociology | ||
| 653 | _apopulation trends in the brahmaputra valley | ||
| 942 | _cBK | ||
| 999 |
_c1384 _d1384 |
||